[Event "Hamina Bastioni op"]
[Site "Hamina"]
[Date "2016.09.25"]
[Round "4"]
[White "Sarwer, Jeff"]
[Black "Sammalvuo, Tapani"]
[Result "0-1"]
[WhiteElo "2234"]
[BlackElo "2417"]
[PlyCount "68"]
[EventDate "2016.09.23"]
[EventType "swiss"]
[EventRounds "5"]
[EventCountry "FIN"]
[SourceTitle "CBM 174 Extra"]
[Source "ChessBase"]
[SourceDate "2016.10.10"]
[SourceVersion "1"]
[SourceVersionDate "2016.10.10"]
[SourceQuality "1"]

1. d4 Nf6 2. c4 e6 3. Nc3 Bb4 4. e3 0-0 5. Nge2 Re8 6. a3 Bf8 7. g3 d5 8. Bg2 dxc4 9. Qa4 e5 10. Qxc4 c6 11. dxe5 Rxe5 12. 0-0 Be6 13. Qd4 Nbd7 14. Nf4 Bb3 15. Nd3 Re6 16. Qh4 Be7 17. Nf4 Re5 18. Nfe2 c5 19. Bxb7 Rb8 20. Bf3 Rf5 21. Bg4 Ne5 22. Bxf5 Nf3+ 23. Kh1 Nxh4 24. gxh4 g6 25. Bh3 Qd3 26. Nf4 Qc2 27. h5 Bc4 28. Rg1 Bd6 29. hxg6 hxg6 30. f3 Qf2 31. Bg2 Kg7 32. Nh3 Rh8 33. Rf1 Qh4 34. Rd1 Be6 0-1

[Event "FIN-ch"]
[Site "Helsinki"]
[Date "2016.05.21"]
[Round "8"]
[White "Kekki, Petri"]
[Black "Sarwer, Jeff"]
[Result "1-0"]
[WhiteElo "2348"]
[BlackElo "2212"]
[PlyCount "65"]
[EventDate "2016.05.14"]
[EventType "tourn"]
[EventRounds "9"]
[EventCountry "FIN"]
[EventCategory "4"]
[SourceTitle "CBM 172 Extra"]
[Source "ChessBase"]
[SourceDate "2016.06.21"]
[SourceVersion "1"]
[SourceVersionDate "2016.06.21"]
[SourceQuality "1"]

1. d4 Nf6 2. c4 Nc6 3. Nc3 e5 4. d5 Ne7 5. h4 Nf5 6. e3 Bb4 7. Bd2 a5 8. Bd3 d6 9. Qc2 g6 10. h5 Qe7 11. Nge2 Bd7 12. a3 Bc5 13. 0-0-0 c6 14. Kb1 cxd5 15. cxd5 0-0 16. Bxf5 Bxf5 17. e4 Bd7 18. Bg5 Rfc8 19. Qd3 h6 20. Bxh6 Ng4 21. hxg6 fxg6 22. f4 b5 23. f5 b4 24. Qf3 Nxh6 25. Rxh6 bxc3 26. Rdh1 c2+ 27. Ka2 Qg7 28. Rxg6 Be8 29. Rxg7+ Kxg7 30. Qg4+ Kf6 31. Rh7 c1N+ 32. Nxc1 Be3 33. Qg7# 1-0

[Event "FIN-ch"]
[Site "Helsinki"]
[Date "2016.05.20"]
[Round "7"]
[White "Norri, Joose"]
[Black "Sarwer, Jeff"]
[Result "0-1"]
[WhiteElo "2292"]
[BlackElo "2212"]
[PlyCount "74"]
[EventDate "2016.05.14"]
[EventType "tourn"]
[EventRounds "9"]
[EventCountry "FIN"]
[EventCategory "4"]
[SourceTitle "CBM 172 Extra"]
[Source "ChessBase"]
[SourceDate "2016.06.21"]
[SourceVersion "1"]
[SourceVersionDate "2016.06.21"]
[SourceQuality "1"]

1. d4 Nf6 2. c4 Nc6 3. Nf3 d6 4. Nc3 e5 5. Bg5 h6 6. Bh4 exd4 7. Nxd4 g5 8. Bg3 Nxd4 9. Qxd4 Bg7 10. e3 Nh5 11. Qd3 0-0 12. Be2 Nxg3 13. hxg3 Be6 14. Bf3 c6 15. 0-0 Qa5 16. Rfc1 Rad8 17. Rab1 Qa6 18. Be2 f5 19. b4 Rd7 20. a4 Qb6 21. a5 Qd8 22. Bf3 g4 23. Bd1 h5 24. Ne2 d5 25. cxd5 Rxd5 26. Qa3 Rd2 27. Bb3 Rxe2 28. Bxe6+ Kh8 29. Bc4 Rd2 30. b5 h4 31. gxh4 f4 32. Qc5 Qxh4 33. exf4 g3 34. fxg3 Qh7 35. Kf1 Rf5 36. Qe3 Qh1+ 37. Qg1 Rh5 0-1

[Event "FIN-ch"]
[Site "Helsinki"]
[Date "2016.05.18"]
[Round "5"]
[White "Koykka, Pekka"]
[Black "Sarwer, Jeff"]
[Result "1/2-1/2"]
[WhiteElo "2327"]
[BlackElo "2212"]
[PlyCount "181"]
[EventDate "2016.05.14"]
[EventType "tourn"]
[EventRounds "9"]
[EventCountry "FIN"]
[EventCategory "4"]
[SourceTitle "CBM 172 Extra"]
[Source "ChessBase"]
[SourceDate "2016.06.21"]
[SourceVersion "1"]
[SourceVersionDate "2016.06.21"]
[SourceQuality "1"]

1. d4 Nf6 2. c4 Nc6 3. Nf3 d6 4. Nc3 e5 5. g3 Bg4 6. Bg2 Qd7 7. d5 Ne7 8. h3 Bxf3 9. Bxf3 g6 10. Bg5 Bg7 11. e4 0-0 12. Qd2 a6 13. h4 h5 14. Bg2 Nh7 15. Bh3 Qe8 16. Be3 Kh8 17. f3 f5 18. 0-0-0 b5 19. c5 b4 20. Ne2 Qb5 21. cxd6 cxd6 22. Kb1 b3 23. a3 Rac8 24. Nc3 Qa5 25. Rc1 Nf6 26. Qd3 Rc7 27. Rhd1 fxe4 28. fxe4 Ng4 29. Bxg4 hxg4 30. Rf1 Rcc8 31. Bg5 Ng8 32. Rce1 Qc5 33. Qxa6 Rf2 34. Qd3 Rcf8 35. Qd1 R8f3 36. Rxf2 Qxf2 37. Bd2 Rd3 38. Re2 Qf3 39. Qe1 Bh6 40. Bxh6 Nxh6 41. a4 Ng8 42. a5 Rd4 43. Re3 Qg2 44. Re2 Qf3 45. Re3 Qg2 46. a6 Qc2+ 47. Ka1 Rc4 48. Re2 Qd3 49. Rd2 Qf3 50. Qe2 Rc5 51. Qxf3 gxf3 52. Rf2 Nf6 53. Kb1 Ra5 54. Rxf3 Kg7 55. Re3 Rxa6 56. Nd1 Rb6 57. Nf2 Rb4 58. g4 g5 59. h5 Nd7 60. Kc1 Nc5 61. Kd2 Rc4 62. Rc3 Nxe4+ 63. Nxe4 Rxe4 64. Rc7+ Kh6 65. Rd7 Rxg4 66. Rxd6+ Kxh5 67. Rd8 Kg6 68. Kc3 Rg3+ 69. Kc4 Kf5 70. Rf8+ Ke4 71. d6 Rd3 72. Kc5 Rd2 73. Rb8 Rc2+ 74. Kb4 Rxb2 75. d7 Rd2 76. d8Q b2 77. Qxd2 b1Q+ 78. Kc3 Qxb8 79. Qxg5 Qc8+ 80. Kd2 Qd7+ 81. Ke1 Qf5 82. Qg2+ Qf3 83. Qg6+ Ke3 84. Qb6+ Kf4 85. Qf6+ Ke4 86. Qc6+ Ke3 87. Qb6+ Kd3 88. Qb5+ Ke4 89. Qc6+ Ke3 90. Qb6+ Kf4 91. Qf6+ 1/2-1/2

[Event "FIN-ch"]
[Site "Helsinki"]
[Date "2016.05.16"]
[Round "3"]
[White "Karttunen, Mika"]
[Black "Sarwer, Jeff"]
[Result "1-0"]
[WhiteElo "2465"]
[BlackElo "2212"]
[PlyCount "77"]
[EventDate "2016.05.14"]
[EventType "tourn"]
[EventRounds "9"]
[EventCountry "FIN"]
[EventCategory "4"]
[SourceTitle "CBM 172 Extra"]
[Source "ChessBase"]
[SourceDate "2016.06.21"]
[SourceVersion "1"]
[SourceVersionDate "2016.06.21"]
[SourceQuality "1"]

1. e4 Nc6 2. d4 e5 3. d5 Nce7 4. Nf3 Ng6 5. h4 h5 6. Be3 Nf6 7. Nbd2 Ng4 8. Qe2 Nf4 9. Qc4 d6 10. g3 Nxe3 11. fxe3 Ng6 12. 0-0-0 Be7 13. Be2 a6 14. Ne1 Bd7 15. Bf3 Bb5 16. Qb3 Qd7 17. Qa3 Qc8 18. Nd3 c5 19. Nf2 Bd7 20. Qd3 Nf8 21. Qe2 g6 22. Rdf1 b5 23. g4 hxg4 24. Nxg4 Rxh4 25. Rxh4 Bxh4 26. Qh2 Bg5 27. Nxe5 Bxe3 28. Bg2 dxe5 29. Qxe5+ Be6 30. c3 Qd7 31. Qf6 Qe7 32. Qf3 Qg5 33. dxe6 Bxd2+ 34. Kc2 Ra7 35. exf7+ Ke7 36. Bh3 Be3 37. e5 Bd4 38. Qc6 Rd7 39. cxd4 1-0

[Event "Helsinki Rapid SM"]
[Site "Helsinki"]
[Date "2015.10.31"]
[Round "3.3"]
[White "Halmeenmaki, Tuomo"]
[Black "Sarwer, Jeff"]
[Result "0-1"]
[WhiteElo "2151"]
[BlackElo "2290"]
[PlyCount "65"]
[EventDate "2015.10.31"]
[EventType "swiss (rapid)"]
[EventRounds "7"]
[EventCountry "FIN"]
[SourceTitle "EXT 2022"]
[Source "ChessBase"]
[SourceDate "2021.10.06"]
[SourceVersion "1"]
[SourceVersionDate "2021.10.06"]
[SourceQuality "1"]

1. Nf3 f5 2. d3 Nc6 3. e4 e5 4. exf5 d5 5. d4 e4 6. Ng5 Bxf5 7. f3 Be7 8. fxe4 dxe4 9. d5 Ne5 10. Bb5+ c6 11. 0-0 Bg6 12. Ne6 Qb6+ 13. Kh1 cxb5 14. Nxg7+ Kd7 15. Bf4 Qf6 16. Bxe5 Qxe5 17. Qg4+ Kc7 18. Ne6+ Kb6 19. a4 Nf6 20. Qe2 Qxd5 21. a5+ Kc6 22. Nf4 Qc4 23. Qe1 Rad8 24. Na3 Qd4 25. Ne6 Qd2 26. Nxd8+ Rxd8 27. Qg3 e3 28. Qh3 Ne4 29. Qe6+ Bd6 30. c4 b4 31. Nb5 e2 32. Rfe1 Re8 33. Rxe2 0-1

[Event "Helsinki Rapid SM"]
[Site "Helsinki"]
[Date "2015.10.31"]
[Round "4.2"]
[White "Lehtosaari, Mauri"]
[Black "Sarwer, Jeff"]
[Result "1/2-1/2"]
[WhiteElo "2199"]
[BlackElo "2290"]
[PlyCount "89"]
[EventDate "2015.10.31"]
[EventType "swiss (rapid)"]
[EventRounds "7"]
[EventCountry "FIN"]
[SourceTitle "EXT 2022"]
[Source "ChessBase"]
[SourceDate "2021.10.06"]
[SourceVersion "1"]
[SourceVersionDate "2021.10.06"]
[SourceQuality "1"]

1. c4 Nc6 2. g3 e5 3. Nc3 Bc5 4. Bg2 a6 5. e3 d6 6. Nge2 Nge7 7. d4 Ba7 8. b3 h5 9. h3 h4 10. g4 f5 11. dxe5 fxg4 12. exd6 gxh3 13. Bxh3 Bxh3 14. Rxh3 Qd7 15. Rh1 Ne5 16. Nf4 cxd6 17. Ncd5 0-0-0 18. Bb2 g5 19. Bxe5 dxe5 20. Nxe7+ Qxe7 21. Nd5 Qe6 22. Qc2 e4 23. 0-0-0 g4 24. Qc3 Rdf8 25. Qg7 Kb8 26. Rxh4 Rhg8 27. Qc7+ Ka8 28. Rh7 Qc8 29. Qxc8+ Rxc8 30. Ne7 Rh8 31. Rdh1 Rxh7 32. Rxh7 Rf8 33. Rg7 Bc5 34. Nd5 Rxf2 35. Rxg4 Ba3+ 36. Kd1 Rxa2 37. Rxe4 Rb2 38. Re8+ Ka7 39. e4 Rxb3 40. Kc2 Rh3 41. e5 b5 42. cxb5 axb5 43. e6 Kb7 44. e7 Bxe7 45. Rxe7+ 1/2-1/2

[Event "FIN-chT 1516"]
[Site "Finland"]
[Date "2015.09.12"]
[Round "1.2"]
[White "Seeman, Tarvo"]
[Black "Sarwer, Jeff"]
[Result "1-0"]
[WhiteElo "2407"]
[BlackElo "2344"]
[PlyCount "99"]
[EventDate "2015.09.12"]
[EventType "team-tourn"]
[EventRounds "11"]
[EventCountry "FIN"]
[SourceTitle "EXT 2016"]
[Source "ChessBase"]
[SourceDate "2015.10.08"]
[SourceVersion "1"]
[SourceVersionDate "2015.10.08"]
[SourceQuality "1"]
[WhiteTeam "Helsinki Aatos"]
[BlackTeam "Kotka KymS"]
[WhiteTeamCountry "FIN"]
[BlackTeamCountry "FIN"]

1. Nf3 f5 2. d3 d6 3. e4 e5 4. Nc3 Nf6 5. exf5 Bxf5 6. d4 Nbd7 7. Bc4 c6 8. 0-0 e4 9. Nh4 Bg4 10. Be2 Be6 11. f3 Nd5 12. g3 Nxc3 13. bxc3 Be7 14. Ng2 exf3 15. Bxf3 0-0 16. Nf4 Bf7 17. Re1 Re8 18. a4 d5 19. Ne6 Qa5 20. Bd2 Bd6 21. c4 Bb4 22. Bxb4 Qxb4 23. cxd5 Nb6 24. Qb1 Qc3 25. Qb3 Qxb3 26. cxb3 Nxd5 27. Bxd5 cxd5 28. Nc7 Rxe1+ 29. Rxe1 Rd8 30. a5 a6 31. Kf2 Rd7 32. Ne6 Bxe6 33. Rxe6 Kf7 34. Rb6 Ke7 35. Ke3 Kd8 36. Kf4 Kc7 37. Ke5 Rf7 38. Re6 Rf3 39. Kxd5 Rxb3 40. Re7+ Kb8 41. Rxg7 h5 42. Ke6 Re3+ 43. Kd6 Re4 44. d5 Ra4 45. Ke7 Rxa5 46. Rg8+ Ka7 47. d6 Re5+ 48. Kf6 Rd5 49. Ke6 Rd2 50. d7 1-0

[Event "Helsinki ShakkiNet-A 6th"]
[Site "Helsinki"]
[Date "2015.06.08"]
[Round "1"]
[White "Sarwer, Jeff"]
[Black "Kanep, Meelis"]
[Result "1-0"]
[WhiteElo "2250"]
[BlackElo "2521"]
[PlyCount "87"]
[EventDate "2015.06.08"]
[EventType "tourn"]
[EventRounds "9"]
[EventCountry "FIN"]
[EventCategory "7"]
[SourceTitle "CBM 166 Extra"]
[Source "ChessBase"]
[SourceDate "2015.06.18"]
[SourceVersion "1"]
[SourceVersionDate "2015.06.18"]
[SourceQuality "1"]

1. d4 Nf6 2. c4 g6 3. Nc3 Bg7 4. e4 d6 5. Be2 0-0 6. Bg5 Na6 7. Qd2 c5 8. d5 Nc7 9. h4 b5 10. cxb5 e6 11. h5 exd5 12. exd5 Re8 13. hxg6 fxg6 14. a4 Qd7 15. f3 Qf7 16. 0-0-0 Rb8 17. Bc4 a6 18. Nge2 axb5 19. Nxb5 Nxb5 20. Bxb5 Bd7 21. Nc3 Bxb5 22. axb5 Qa7 23. Rhe1 Nd7 24. Re6 Ne5 25. Kc2 c4 26. Qe3 Qf7 27. Ne4 Rxe6 28. dxe6 Qxe6 29. Rxd6 Qf5 30. Qf4 Nd3 31. Qxf5 gxf5 32. Nc3 Ne1+ 33. Kd1 Nd3 34. Rd8+ Rxd8 35. Bxd8 Nxb2+ 36. Kd2 Nd3 37. Na4 Nb4 38. b6 Nc6 39. Bc7 Na5 40. Nc5 c3+ 41. Kc2 Bd4 42. b7 Nc6 43. Nd7 Kf7 44. Ne5+ 1-0

[Event "Quebec op"]
[Site "Montreal"]
[Date "1998.07.28"]
[Round "5"]
[White "Sarwer, Jeff"]
[Black "Gagnon, Michel"]
[Result "0-1"]
[WhiteElo "2264"]
[BlackElo "2129"]
[PlyCount "54"]
[EventDate "1998.07.25"]
[EventType "swiss"]
[EventRounds "9"]
[EventCountry "CAN"]
[SourceTitle "EXT 2022"]
[Source "ChessBase"]
[SourceDate "2021.10.06"]
[SourceVersion "1"]
[SourceVersionDate "2021.10.06"]
[SourceQuality "1"]

1. d4 d5 2. c4 e6 3. Nc3 Nf6 4. Nf3 Be7 5. Bg5 0-0 6. e3 h6 7. Bh4 Ne4 8. Bxe7 Qxe7 9. Qc2 Nxc3 10. bxc3 dxc4 11. Bxc4 Nd7 12. 0-0 b6 13. Rfe1 Bb7 14. e4 c5 15. h3 Rfc8 16. Qb3 Nf6 17. Nd2 Rcb8 18. a4 cxd4 19. cxd4 Rd8 20. e5 Nh7 21. Qe3 Rac8 22. Rec1 Qd7 23. Nb3 Rxc4 24. Rxc4 Qd5 25. f3 Qxc4 26. Rc1 Qd5 27. a5 Nf8 0-1